00250nam a2200109Ia 4500100001800000654002100018245003300039260003300072082001500105300000800120546001200128 aDrozdek/Adam  adata compression aElements of Data compression bThomsan Learning/Vikasc2002 a0.746bDRO a221 aENGLISH